000 01736cam a2200529 4500
003 PE-LiUPU
005 20250731180151.0
020 _a843980248X
035 _a(Sirsi) i9788439802488
035 _a(Sirsi) 50269
035 _a(Sirsi) 50269
041 _aes
044 _aes
082 0 4 _a526.1
_bM26
245 _aGeodesia y cartografía matemática /
_cFernando Martín Asín editor.
250 _a3a ed.
264 1 _aMadrid :
_b[s.n.],
_c1990
300 _a422 páginas :
_bilustraciones ;
_c24 cm.
505 0 _aGeodesia -- Conceptos generales sobre Geodesia -- Teoría de errores -- Compensación por mínimos cuadrados (I). Ecuaciones de condición -- Compensación por mínimos cuadrados (II). Relaciones de observación -- Triangulaciones geodésicas --
526 _aSEG44
526 _aSEG26
526 _aP159
526 _aP155
526 _aP154
526 _aP153
526 _aP150
526 _aP100
526 _aP31
526 _aP30
526 _aP26
526 _aP25
526 _aP24
526 _aP22
526 _aP15
526 _aP10
650 1 4 _aGeodesia
_xModelos matemáticos
650 1 4 _aCartografía
650 1 4 _aGeografía matemática
700 1 _aMartín Asín, Fernando
_eed.
859 _q67307
_h526.1
_iM26
910 _agl20120528
942 _2ddc
_cBOOK
949 _a526.1 M26
_i67307
_lCCODEBUL1
_mBUL
_tLIBRO
_o.STAFF. Colección General
596 _a1
999 _a526.1 M26
_wDEWEY
_c54896
_i67307
_f2021-11-9
_g7
_lCCODEBUL1
_mBUL
_p86.00
_r0
_sY
_tBOOK
_u2015-7-6
_xINGENIERIA
_PP25
_0COMPRA
_o.STAFF. Colección General
_d54896
980 _81
_gALBERTO SANCHEZ Responsable de Automatización